000 00455nam a2200157 4500
001 110392
003 ES-MaACL
005 20230906185037.0
007 t|
008 061121s1970 sp r ||||1| spa d
100 1 _aOrdóñez, Valeriano.
_987193
245 1 0 _aSan Iñigo de la Reconquista /
_cValerianao Ordóñez ,S.J.
260 _aPamplona :
_b[[s.n.],
_c1970 (
_fGráf. Iruña)
300 _a99 p. ;
_c17 cm.
852 _aES-MaACL
_jC-44391
_bR.75307
999 _c110392
_d110392